01010nam a2200265 i 4500001000700000003000900007005001700016007000300033008004100036020001800077080002700095245006000122260003100182300002000213490005300233504002000286505009400306650005900400700004100459830006900500852002400569942000800593999001900601952012400620112600ES-MaACL20250731070134.0t|061121s1983 sp |||| | spa d a84-306-2991-2 a821.134.2-3.09"19"(04)03aLa novela lírica / cedición de Darío Villanueva. aMadrid : bTaurus, c1983. a2 v. ; c21 cm.1 aPersiles. El escritor y la crítica ; v141-142 aBibliografía.8 aContiene: I: Azorín, Gabriel Miró - II: Ramón Pérez de Ayala, Benjamín Jarnés04aNovela española-yS.XX-xHistoria y crítica9156171 aVillanueva, Darío, d1950-92413530 aPersiles. pSerie El escritor y la crítica ; v141-1429187530 aES-MaACLjL-5155-56 2udc c112600d112600 00104070aATENEOMbATENEOMcDEPO2d2008-01-17eSCl0oL-5155-56p1117452r2023-02-23 00:00:00w2023-02-23yMONOGRAFIA